00454nam a2200193Ia 4500003000400000005001700004008004100021040000700062041000800069082001900077100002500096245004900121260003600170300000700206365001200213440000600225650001700231650001200248OSt20250703104514.0210423s1979 xx 000 0 und d cAL aeng a010 223bSHAI aJagdish Saran Sharma aIndian socialism: a descriptive bibliography aNew DelhibWiley and Sonsc1979 bHB b65cINR v1 aBibliography aGeneral